| 000 | 00384nam a22001697a 4500 | ||
|---|---|---|---|
| 003 | MACL | ||
| 005 | 20211001163039.0 | ||
| 008 | 211001b |||||||| |||| 00| 0 eng d | ||
| 040 | _cMACL | ||
| 082 | _a306 | ||
| 100 |
_aRana,Vivek _981209 |
||
| 245 | _aPanorama of Indian Festivals | ||
| 260 |
_aDelhi _bBook Shores _c2018 |
||
| 300 | _ap232 | ||
| 650 | _aCulture | ||
| 942 |
_2ddc _cBK |
||
| 999 |
_c64474 _d64474 |
||